| 000 | 00379nam a2200145Ia 4500 | ||
|---|---|---|---|
| 008 | 150201s2012 xx 000 0 und d | ||
| 082 |
_a612 _bP12K |
||
| 100 | _aBEST & TAYLORS | ||
| 245 | _aBEST & TAYLORS PHYSIOLOGICAL BASIS OF MEDICAL PRACTICE | ||
| 250 | _a13TH | ||
| 260 |
_bWOLTER KULUWOR _aDELHI _c2012 |
||
| 300 | _a1-1282 | ||
| 650 | _aHUMAN PHYSIOLOGY | ||
| 942 |
_2ddc _cBK |
||
| 999 |
_c1267 _d1267 |
||